00535 2200193 4500001002100000005001700021006001900038008004100057020001800098035002500116041000700141082001100148090001700159100002400176245003400200260003100234300003600265650004000301INLIS00000000000407320140226171228.0a ||| | 180719| ||| | id  a979-543-839-5 a0010-031300000004073 aid0 a635.25 a635.25 TAN p0 aTim bina karya tani00aPedoman Bertanam Bawang Merah aBandungbYrama Widyac2008 aviii + 120 hlm ; 12,5 x 19,5 cm 0aTim bina karya tani -- bawang merah